| 000 | nam a22 a 4500 | ||
|---|---|---|---|
| 999 |
_c1200 _d1200 |
||
| 003 | AKMAL | ||
| 005 | 20170508153431.0 | ||
| 008 | 170508s1998 my l 00 may d | ||
| 020 |
_a9678909502 (kkt.): _cRM15.00 |
||
| 082 | 0 | 4 | _a344.5950545 DAD |
| 090 | 0 | 0 |
_a344.5950545 _bDAD |
| 110 | 1 |
_aMalaysia _9400 |
|
| 245 | 1 | 0 |
_aAkta Dadah Berbahaya, 1952 (Akta 234) & peraturan-peraturan : _bhingga 15hb September 1998 / _cdisusun oleh Lembaga Penyelidikan Undang-Undang |
| 260 |
_aKuala Lumpur : _bInternational Law Book Services, _c1998 |
||
| 300 | 0 | 0 |
_aiv, 82ms. ; _c25cm |
| 650 | 0 |
_aDrugs _xLaw and legislation _zMalaysia _92109 |
|
| 650 | 0 |
_aDrug abuse _xLaw and legislation _zMalaysia _92420 |
|
| 710 | 2 |
_aLembaga Penyelidikan Undang-Undang _92421 |
|
| 942 |
_2ddc _cBOOK |
||